00629 a2200193 4500001000700000003000400007005001700011008004100028082001600069100002000085245005700105260002900162300001000191653006000201700002200261942001200283999001500295952012500310067733OSt20211231154053.0  a511.5bA61G1 aAgnarsson, Geir1 aGraph theorycby Geir Agnarsson and Raymond Greenlaw aNew DelhibPearsonc2009 a464p. aAlgorithms; Graph theory; Mathematics; Graph algorithms aGreenlaw, Raymond 2ddccBK c1604d1604 00102ddc40708TXBaCURAJbCURAJd2012-03-07eMTHg315.00l3o511.5 A61Gp2019r2026-04-08s2026-03-25w2020-09-02yBK